最新幸运手环DIY (Record no. 64654)

000 -LEADER
fixed length control field 00488nam a22001937a 4500
003 - CONTROL NUMBER IDENTIFIER
control field MPLRDC
005 - DATE AND TIME OF LATEST TRANSACTION
control field 20220104192308.0
008 - FIXED-LENGTH DATA ELEMENTS--GENERAL INFORMATION
fixed length control field 210129b ||||| |||| 00| 0 eng d
020 ## - INTERNATIONAL STANDARD BOOK NUMBER
International Standard Book Number 957-779-091-7
082 ## - DEWEY DECIMAL CLASSIFICATION NUMBER
Classification number 426.4 CXZ
100 ## - MAIN ENTRY--PERSONAL NAME
Personal name 陈夏珍
245 ## - TITLE STATEMENT
Title 最新幸运手环DIY
Statement of responsibility, etc.
250 ## - EDITION STATEMENT
Edition statement 初版再刷
260 ## - PUBLICATION, DISTRIBUTION, ETC.
Place of publication, distribution, etc. 台湾
Name of publisher, distributor, etc. 民圣文化事业股份有限公司
Date of publication, distribution, etc. 2008
300 ## - PHYSICAL DESCRIPTION
Other physical details
490 ## - SERIES STATEMENT
Series statement DIY精致集: 17
650 ## - SUBJECT ADDED ENTRY--TOPICAL TERM
Topical term or geographic name entry element 家庭编结
942 ## - ADDED ENTRY ELEMENTS (KOHA)
Koha item type Book
-- 426.4 CXZ
Holdings
Withdrawn status Lost status Source of classification or shelving scheme Damaged status Not for loan Collection code Home library Current library Shelving location Date acquired Cost, normal purchase price Total Checkouts Total Renewals Full call number Barcode Date last seen Date last checked out Price effective from Koha item type Public note
            Malaysian Public Library, Research and Development Centre Malaysian Public Library, Research and Development Centre   05/06/2013 21.50   1 426.4 CXZ 00058793 18/03/2021 22/03/2015 18/03/2021 Book mplrdc

© 2022. Malaysian Public Library, Research and Development Centre. All Right ReservedE-mailmplrdc@help.edu.my 

Powered by Koha